| 000 | 00745nam a2200289Ia 4500 | ||
|---|---|---|---|
| 001 | 9748 | ||
| 003 | IT-RoPAU | ||
| 008 | 130308s9999 xx 000 0 und d | ||
| 040 | _aIT-RoPAU | ||
| 040 | _cIT-RoPAU | ||
| 041 | _aITALIANO | ||
| 100 | _aSilva Umberto | ||
| 100 | _gCodice Aut. SPICS: 1255 | ||
| 245 | _aDialettica della materia del cinema-Nota introduttiva | ||
| 245 | _bMemorie degli Anni di Fuoco | ||
| 250 | _a1a ed. | ||
| 260 | _aMILANO | ||
| 260 | _bMazzotta | ||
| 260 | _c1973 [1° Ed.:1973 - Ed.Ling.Originale:] | ||
| 300 | _a"8 p. (prefazione: no ; testo: 8)" | ||
| 650 | _aTEORICHE CINEMATOGRAFICHE | ||
| 650 | _eCodice materia Spics: 6805 | ||
| 942 | _cBK | ||
| 957 | _71 | ||
| 999 |
_c52034 _d52034 |
||
| 999 | _bSI | ||
| 999 | _g1 | ||